<?xml version="1.0" encoding="UTF-8"?>
<record
    xmlns:xsi="http://www.w3.org/2001/XMLSchema-instance"
    xsi:schemaLocation="http://www.loc.gov/MARC21/slim http://www.loc.gov/standards/marcxml/schema/MARC21slim.xsd"
    xmlns="http://www.loc.gov/MARC21/slim">

  <leader>00333nam a2200145Ia 4500</leader>
  <controlfield tag="008">150201s2012    xx            000 0 und d</controlfield>
  <datafield tag="082" ind1=" " ind2=" ">
    <subfield code="a">611</subfield>
    <subfield code="b">G13S</subfield>
  </datafield>
  <datafield tag="100" ind1=" " ind2=" ">
    <subfield code="a">SINGH, VISHRAM</subfield>
  </datafield>
  <datafield tag="245" ind1=" " ind2=" ">
    <subfield code="a">GENERAL ANATOMY</subfield>
  </datafield>
  <datafield tag="250" ind1=" " ind2=" ">
    <subfield code="a">1ST</subfield>
  </datafield>
  <datafield tag="260" ind1=" " ind2=" ">
    <subfield code="b">ELSEVIER</subfield>
    <subfield code="a">INDIA</subfield>
    <subfield code="c">2012</subfield>
  </datafield>
  <datafield tag="300" ind1=" " ind2=" ">
    <subfield code="a">1-267</subfield>
  </datafield>
  <datafield tag="650" ind1=" " ind2=" ">
    <subfield code="a">HUMAN ANATOMY</subfield>
  </datafield>
  <datafield tag="942" ind1=" " ind2=" ">
    <subfield code="2">ddc</subfield>
    <subfield code="c">BK</subfield>
    <subfield code="0">77</subfield>
  </datafield>
  <datafield tag="952" ind1=" " ind2=" ">
    <subfield code="0">0</subfield>
    <subfield code="1">0</subfield>
    <subfield code="2">ddc</subfield>
    <subfield code="4">0</subfield>
    <subfield code="7">0</subfield>
    <subfield code="8">MEDICAL</subfield>
    <subfield code="a">FM</subfield>
    <subfield code="b">FM</subfield>
    <subfield code="c">TXT</subfield>
    <subfield code="d">2014-05-14</subfield>
    <subfield code="e">ABC DELHI</subfield>
    <subfield code="g">485.00</subfield>
    <subfield code="i">SGTU</subfield>
    <subfield code="l">36</subfield>
    <subfield code="o">611 G13S</subfield>
    <subfield code="p">FM6051</subfield>
    <subfield code="r">2025-12-04 00:00:00</subfield>
    <subfield code="s">2025-11-22</subfield>
    <subfield code="w">2014-07-14</subfield>
    <subfield code="y">BK</subfield>
    <subfield code="k">4634</subfield>
  </datafield>
  <datafield tag="952" ind1=" " ind2=" ">
    <subfield code="0">0</subfield>
    <subfield code="1">0</subfield>
    <subfield code="2">ddc</subfield>
    <subfield code="4">0</subfield>
    <subfield code="7">0</subfield>
    <subfield code="8">MEDICAL</subfield>
    <subfield code="a">FM</subfield>
    <subfield code="b">FM</subfield>
    <subfield code="c">TXT</subfield>
    <subfield code="d">2014-05-14</subfield>
    <subfield code="e">ABC DELHI</subfield>
    <subfield code="g">485.00</subfield>
    <subfield code="i">SGTU</subfield>
    <subfield code="l">44</subfield>
    <subfield code="o">611 G13S</subfield>
    <subfield code="p">FM6052</subfield>
    <subfield code="r">2025-12-17 00:00:00</subfield>
    <subfield code="s">2025-12-02</subfield>
    <subfield code="w">2014-07-14</subfield>
    <subfield code="y">BK</subfield>
    <subfield code="k">4634</subfield>
  </datafield>
  <datafield tag="952" ind1=" " ind2=" ">
    <subfield code="0">0</subfield>
    <subfield code="1">0</subfield>
    <subfield code="2">ddc</subfield>
    <subfield code="4">0</subfield>
    <subfield code="7">0</subfield>
    <subfield code="8">MEDICAL</subfield>
    <subfield code="a">FM</subfield>
    <subfield code="b">FM</subfield>
    <subfield code="c">TXT</subfield>
    <subfield code="d">2014-05-14</subfield>
    <subfield code="e">ABC DELHI</subfield>
    <subfield code="g">485.00</subfield>
    <subfield code="i">SGTU</subfield>
    <subfield code="l">49</subfield>
    <subfield code="m">2</subfield>
    <subfield code="o">611 G13S</subfield>
    <subfield code="p">FM6053</subfield>
    <subfield code="r">2025-11-27 00:00:00</subfield>
    <subfield code="s">2025-10-30</subfield>
    <subfield code="w">2014-07-14</subfield>
    <subfield code="y">BK</subfield>
    <subfield code="k">4634</subfield>
  </datafield>
  <datafield tag="952" ind1=" " ind2=" ">
    <subfield code="0">0</subfield>
    <subfield code="1">0</subfield>
    <subfield code="2">ddc</subfield>
    <subfield code="4">0</subfield>
    <subfield code="7">0</subfield>
    <subfield code="8">MEDICAL</subfield>
    <subfield code="a">FM</subfield>
    <subfield code="b">FM</subfield>
    <subfield code="c">TXT</subfield>
    <subfield code="d">2014-05-14</subfield>
    <subfield code="e">ABC DELHI</subfield>
    <subfield code="g">485.00</subfield>
    <subfield code="i">SGTU</subfield>
    <subfield code="l">36</subfield>
    <subfield code="o">611 G13S</subfield>
    <subfield code="p">FM6054</subfield>
    <subfield code="r">2025-12-17 00:00:00</subfield>
    <subfield code="s">2025-12-02</subfield>
    <subfield code="w">2014-07-14</subfield>
    <subfield code="y">BK</subfield>
    <subfield code="k">4634</subfield>
  </datafield>
  <datafield tag="952" ind1=" " ind2=" ">
    <subfield code="0">0</subfield>
    <subfield code="1">0</subfield>
    <subfield code="2">ddc</subfield>
    <subfield code="4">0</subfield>
    <subfield code="7">0</subfield>
    <subfield code="8">MEDICAL</subfield>
    <subfield code="a">FM</subfield>
    <subfield code="b">FM</subfield>
    <subfield code="c">TXT</subfield>
    <subfield code="d">2014-05-14</subfield>
    <subfield code="e">ABC DELHI</subfield>
    <subfield code="g">485.00</subfield>
    <subfield code="i">SGTU</subfield>
    <subfield code="l">30</subfield>
    <subfield code="o">611 G13S</subfield>
    <subfield code="p">FM6055</subfield>
    <subfield code="r">2026-04-27 00:00:00</subfield>
    <subfield code="s">2026-04-27</subfield>
    <subfield code="w">2014-07-14</subfield>
    <subfield code="y">BK</subfield>
    <subfield code="k">4634</subfield>
  </datafield>
  <datafield tag="999" ind1=" " ind2=" ">
    <subfield code="c">1778</subfield>
    <subfield code="d">1778</subfield>
  </datafield>
</record>
